000 00495nam a2200181Ia 4500
005 20250326123937.0
008 250326s9999 xx 000 0 und d
037 _aTextbook
040 _aFMSL
_beng
_cFMSL
041 _aeng
_2eng
084 _aT(X:8) L4
_qFMSL
100 _aTracey W R
_9736437
245 0 _aManaaging training and development systems
_cTracey W R
260 _aUSA
_bUSA, AMACOM
_c1974
300 _a480p
942 _cTB
_hT(X:8) L4
999 _c1271597
_d1271597